Name that Historical Figure #11 - Statistics

General Stats
  • This quiz has been taken 677 times
  • The average score is 4 of 20
Answer Stats
Picture Answer % Correct
Diego Maradona
80%
Otto von Bismarck
51%
William Howard Taft
41%
Charles I of England
20%
Immanuel Kant
17%
Adam Smith
16%
John Calvin
16%
Andrew Carnegie
14%
Lewis Carroll
11%
Thomas Aquinas
11%
Emmeline Pankhurst
9%
Francis Bacon
9%
Friedrich Schiller
9%
Henri Matisse
9%
Theodor Herzl
9%
Ada Lovelace
8%
Benito Juárez
8%
Michael Faraday
8%
Carl Linnaeus
7%
Porfirio Díaz
7%
No matching quizzes found
Score Distribution
Percent of People with Each Score
Percentile by Number Answered
Your Score History
You have not taken this quiz